|
|
|
|
| LEADER |
02697nam a2200673 i 4500 |
| 001 |
nkc20172885100 |
| 003 |
CZ PrNK |
| 005 |
20171107112151.0 |
| 007 |
ta |
| 008 |
170310s2017 xr a e f 001 0 cze |
| 015 |
|
|
|a cnb002885100
|
| 020 |
|
|
|a 978-80-200-2647-7
|q (brožováno)
|
| 035 |
|
|
|a (OCoLC)989907116
|
| 040 |
|
|
|a ABA001
|b cze
|d BOA001
|e rda
|
| 041 |
1 |
|
|a cze
|h ukr
|
| 043 |
|
|
|a e-un---
|
| 072 |
|
7 |
|a 913(4)
|x Geografie Evropy, reálie, cestování
|2 Konspekt
|9 7
|
| 080 |
|
|
|a 72:904
|2 MRF
|
| 080 |
|
|
|a 904
|2 MRF
|
| 080 |
|
|
|a 904:62
|2 MRF
|
| 080 |
|
|
|a 502.2:338.483.11
|2 MRF
|
| 080 |
|
|
|a 908(477.8)
|2 MRF
|
| 080 |
|
|
|a (036)
|2 MRF
|
| 080 |
|
|
|a (084.12)
|2 MRF
|
| 100 |
1 |
|
|a Krušyns‘ka, Olena Anatolìjivna,
|d 1978-
|7 hka2017952854
|4 aut
|
| 245 |
1 |
0 |
|a Zakarpatí :
|b průvodce bývalou Podkarpatskou Rusí /
|c Olena Krušynska ; z ukrajinštiny přeložila Rita Kindlerová
|
| 246 |
3 |
0 |
|a Průvodce bývalou Podkarpatskou Rusí
|
| 250 |
|
|
|a Vydání 1.
|
| 264 |
|
1 |
|a Praha :
|b Academia,
|c 2017
|
| 300 |
|
|
|a 575 stran :
|b ilustrace (převážně barevné) ;
|c 20 cm
|
| 336 |
|
|
|a text
|b txt
|2 rdacontent
|
| 336 |
|
|
|a statický obraz
|b sti
|2 rdacontent
|
| 337 |
|
|
|a bez média
|b n
|2 rdamedia
|
| 338 |
|
|
|a svazek
|b nc
|2 rdacarrier
|
| 490 |
1 |
|
|a Průvodce
|
| 504 |
|
|
|a Obsahuje bibliografii a rejstřík
|
| 650 |
0 |
7 |
|a architektonické památky
|7 ph118585
|z Ukrajina
|2 czenas
|
| 650 |
0 |
7 |
|a kulturní památky
|7 ph115033
|z Ukrajina
|2 czenas
|
| 650 |
0 |
7 |
|a technické památky
|7 ph126474
|z Ukrajina
|2 czenas
|
| 650 |
0 |
7 |
|a přírodní zajímavosti
|7 ph137777
|z Ukrajina
|2 czenas
|
| 650 |
0 |
9 |
|a architectural monuments
|z Ukraine
|2 eczenas
|
| 650 |
0 |
9 |
|a cultural monuments
|z Ukraine
|2 eczenas
|
| 650 |
0 |
9 |
|a technical antiquities
|z Ukraine
|2 eczenas
|
| 650 |
0 |
9 |
|a natural sights
|z Ukraine
|2 eczenas
|
| 651 |
|
7 |
|a Podkarpatská Rus
|7 ge128545
|x vlastivěda
|2 czenas
|
| 651 |
|
9 |
|a Carpathian Ruthenia (Ukraine)
|x description and travel
|2 eczenas
|
| 655 |
|
7 |
|a průvodce
|7 fd133154
|2 czenas
|
| 655 |
|
7 |
|a fotografické publikace
|7 fd132276
|2 czenas
|
| 655 |
|
9 |
|a guidebooks
|2 eczenas
|
| 655 |
|
9 |
|a photographical works
|2 eczenas
|
| 700 |
1 |
|
|a Lyons Kindlerová, Rita,
|d 1974-
|7 mzk2004265199
|4 trl
|
| 830 |
|
0 |
|a Průvodce (Academia)
|0 s
|
| 856 |
4 |
1 |
|u https://www.digitalniknihovna.cz/mzk/uuid/uuid:b7d55030-894e-11f0-9c4b-5ef3fc9bb22f
|y Digitalizovaný dokument
|x NDK
|
| 910 |
2 |
|
|a BOA001
|b 1-1389.008
|
| 990 |
|
|
|a BK
|
| 995 |
|
|
|a 01
|
| 991 |
|
|
|b 201705
|c NOV
|
| 996 |
6 |
|
|b 2610706788
|c 1-1389.008
|l MZK
|r Sklad / do 1 hodiny
|n 4
|p p.v.
|w 001611419
|u 000010
|a 1
|e BOA001
|j MZK50
|s P
|
| 996 |
7 |
|
|b 2610707755
|c 1-1389.008
|l Vol.výběr
|r VV 1p
|n 10
|p kup
|h 913(4) PRU UKR
|w 001611419
|u 000020
|a 0
|e BOA001
|j MZK50
|s A
|